000 00423nam a2200169 a 4500
001 0000-9347
003 ELIB.Books
008 110520 1953
035 _a(ELIB.Books)0000-9499
082 _a232
_bFle
100 _aFleming, Sandford
245 _aWhere Jesus Walked
260 _bPhiladelphia: The Judson Press
_c1953
650 _aJesus Christ
942 _2ddc
_cBK
998 _cbat
_e2011-05-20
999 _c9347
_d9347